01701 2200253 4500001002100000005001500021035002000036007000300056008003900059020002200098082001100120084002000131100001700151245004700168300003100215650002000246650001000266520103300276264004401309336002101353337002301374338003801397990001201435INLIS00000000116631020260129123114 a0010-0126000172ta260129 | | |  a978-623-00-5445-7 a2X7.15 aSR 2X7.15 ZEI r0 aZein Mukhlis1 aRumus produktif ala muslim /cZein Mukhlis e1 berkas komputer (1.9 MB) 4aPsikologi agama 4aIslam aIni pulalah yang turut berpengaruh pada produktivitas dalam hidupnya. Detik demi detik yang banyak tersibukkan pada amal baik adalah cara jitu untuk menyingkirkan hal-hal kurang manfaat yang setiap saat mengintai Buku Rumus Produktif Ala Muslim ini memuat beragam inspirasi sekaligus tip-tip untuk memroduktifkan hidup di zaman modern baik masa kini atau masa mendatang. Ada delapan macam hal yang layak dan pantas untuk selalu kita produktifkan dalam kehidupan. Mulai dari produktif dengan keislaman kita, ilmu, profesi, hobi, hingga produktif dengan karya. Semua penulis ulas secara sederhana dan lugas namun tetap mengedepankan pesan yang mudah diambil. Sebagai generasi seorang muslim di era baru, janganlah sampai kita terlena dengan segala bentuk kemudahan yang bisa memanjakan ini. Jadikan segala kemudahan ini sebagai sarana bersyukur dan jalan untuk kian menggiatkan penghambaan pada-Nya. Generasi muslim zaman baru adalah yang tetap menomorsatukan Tuhannya di tengah segala kemudahan yang menggodanya. Selamat membaca. aJakarta :bElex Media Komputindo,c2023 2rdacontentaTeks 2rdamediaaKomputer 2rdacarrieraSumber sambung jaring a3408534